プロ野球スピリッツA【プロスピA】 覚醒選手名(2025年シリーズ) - Statistics

General Stats
  • This quiz has been taken 56 times
    25 since last reset
  • The average score is 20 of 60
Answer Stats
概要 選手名 % Correct
ルーキー 西川史礁
67%
ルーキー 宗山塁
67%
助っ人外国人 R.ヘルナンデス
67%
ルーキー 伊原陵人
61%
ルーキー 金丸夢斗
56%
ルーキー 柴田獅子
56%
ルーキー 麦谷祐介
56%
新戦力 柴田大地
56%
助っ人外国人 T.キャベッジ
56%
ルーキー 中村優斗
50%
新戦力 畠世周
50%
助っ人外国人 J.ボスラー
50%
ルーキー 村上泰斗
44%
新戦力 鈴木健矢
44%
新戦力 矢崎拓也
44%
新戦力 吉田賢吾
44%
ルーキー 石塚裕惺
39%
ルーキー 竹田祐
39%
ルーキー 佐々木泰
39%
ルーキー 齋藤大翔
39%
新戦力 田中瑛斗
39%
新戦力 浜地真澄
39%
新戦力 平沢大河
39%
ローテーションチャレンジャー D.バーヘイゲン
39%
助っ人外国人 S.ハワード
39%
新戦力 伊藤茉央
33%
新戦力 上茶谷大河
33%
新戦力 石垣雅海
33%
新戦力 本田圭佑
33%
助っ人外国人 E.ラミレス
33%
助っ人外国人 J.ダウンズ
33%
助っ人外国人 M.バウマン
33%
期待の若手 リチャード
28%
期待の若手 山村崇嘉
28%
ローテーションチャレンジャー 横川凱
28%
ローテーションチャレンジャー 佐藤柳之介
28%
助っ人外国人 J.ドミンゲス
28%
助っ人外国人 古林睿煬
22%
期待の若手 緒方理貢
22%
ローテーションチャレンジャー 今朝丸裕喜
22%
ローテーションチャレンジャー 小園健太
22%
ローテーションチャレンジャー 下川隼佑
22%
ローテーションチャレンジャー 板東湧梧
22%
ローテーションチャレンジャー 椋木蓮
22%
ローテーションチャレンジャー 上田大河
22%
助っ人外国人 B.サモンズ
22%
助っ人外国人 J.ディアス
22%
助っ人外国人 Y.ディアス
22%
期待の若手 岡留英貴
17%
期待の若手 辻本倫太郎
17%
期待の若手 細川凌平
17%
期待の若手 江原雅裕
17%
期待の若手 寺西成騎
17%
ローテーションチャレンジャー 廣池康志郎
17%
ローテーションチャレンジャー 大内誠弥
17%
ローテーションチャレンジャー H.メヒア
17%
期待の若手 勝又温史
11%
期待の若手 長谷部銀次
11%
期待の若手 橋本星哉
11%
期待の若手 宮崎竜成
11%
No matching quizzes found
Score Distribution
Percent of People with Each Score
Percentile by Number Answered
Your Score History
You have not taken this quiz since the last reset